[Event "TV2 Chess International"]
[Site "Fagernes"]
[Date "2015.12.27"]
[Round "3"]
[White "Ranaldi, Lucas"]
[Black "Gutsko, Anastasia"]
[Result "1/2-1/2"]
[WhiteElo "2140"]
[BlackElo "2177"]
[PlyCount "197"]
[EventDate "2015.??.??"]

1. d4 Nf6 2. c4 e6 3. Nc3 Bb4 4. e3 d5 5. a3 Bxc3+ 6. bxc3 c5 7. cxd5 Qxd5 8.
Nf3 O-O 9. Bd3 b6 10. Bb2 Ba6 11. O-O Bxd3 12. Qxd3 c4 13. Qe2 Nbd7 14. Nd2 b5
15. a4 a6 16. e4 Qc6 17. Ba3 Rfc8 18. f4 bxa4 19. Rf3 Rab8 20. Rh3 g6 21. Rf1
h5 22. e5 Ng4 23. Rg3 Kh8 24. Ne4 Rb3 25. Ra1 Rcb8 26. Nd2 Nb6 27. h3 Nh6 28.
Nxb3 cxb3 29. Bc5 Qb5 30. Qxb5 axb5 31. Rf3 Nc4 32. Rff1 Nf5 33. g4 Nfe3 34.
Rf2 b2 35. Rb1 a3 36. Bxa3 Nxa3 37. Rbxb2 Nd1 38. Ra2 Nxf2 39. Kxf2 Ra8 40. Rb2
Ra5 41. Kg3 Nc4 42. Rb4 hxg4 43. hxg4 Nd2 44. f5 Ne4+ 45. Kf4 Nxc3 46. Rb3 Nd5+
47. Kg5 Kg7 48. f6+ Kg8 49. Rb1 b4 50. Kh4 Rb5 51. Rb3 Nb6 52. Kg5 Nd5 53. Kh6
Rb8 54. Kg5 Nc3 55. Kf4 Kf8 56. Kg5 Ne2 57. d5 exd5 58. Rh3 Kg8 59. e6 fxe6 60.
Rh6 e5 61. Rxg6+ Kf7 62. Rg7+ Ke6 63. Re7+ Kd6 64. Ra7 Nf4 65. f7 Ne6+ 66. Kf6
b3 67. Ra6+ Kd7 68. Ra7+ Kc6 69. Ra6+ Kd7 70. Ra7+ Kc6 71. Ra6+ Kc5 72. Rxe6 b2
73. Re8 Rxe8 74. fxe8=Q b1=Q 75. Qc8+ Kd4 76. g5 Qb6+ 77. Qe6 Qd8+ 78. Qe7 Qh8+
79. Kf5 Qh3+ 80. Kf6 Qf3+ 81. Ke6 Qg4+ 82. Kd6 e4 83. Qf6+ Kd3 84. Qf1+ Kd2 85.
Qf2+ Kc3 86. Qe3+ Kc2 87. Qf2+ Kd1 88. Qf1+ Kd2 89. Qf2+ Qe2 90. Qxe2+ Kxe2 91.
g6 e3 92. g7 Kd2 93. g8=Q e2 94. Qxd5+ Ke1 95. Qe4 Kd2 96. Kd5 Kd1 97. Qh1+ Kd2
98. Qg2 Kd1 99. Qxe2+
1/2-1/2

[Event "TV2 Chess International"]
[Site "Fagernes"]
[Date "2015.12.27"]
[Round "3"]
[White "Machlik, Edit"]
[Black "Kaasen, Tor Fredrik"]
[Result "1/2-1/2"]
[WhiteElo "2034"]
[BlackElo "2168"]
[PlyCount "60"]
[EventDate "2015.??.??"]

1. d4 Nf6 2. c4 g6 3. Nc3 Bg7 4. e4 d6 5. f4 c5 6. d5 O-O 7. Nf3 e6 8. Be2 exd5
9. cxd5 Nbd7 10. O-O Re8 11. Nd2 c4 12. Kh1 Nc5 13. e5 dxe5 14. fxe5 Rxe5 15.
Nxc4 Re8 16. Bg5 h6 17. Bxf6 Bxf6 18. Nb5 Bf5 19. Nbd6 Bxb2 20. Nxf5 Bxa1 21.
Nxh6+ Kh7 22. Nxf7 Qh4 23. Rf3 Qd4 24. Qc1 Rxe2 25. Qh6+ Kg8 26. Qxg6+ Qg7 27.
Nh6+ Kh8 28. Nf7+ Kg8 29. Nh6+ Kh8 30. Nf7+ Kg8
1/2-1/2

[Event "TV2 Chess International"]
[Site "Fagernes"]
[Date "2015.12.27"]
[Round "4"]
[White "Postny, Evgeny"]
[Black "Rausis, Igors"]
[Result "1-0"]
[WhiteElo "2670"]
[BlackElo "2600"]
[PlyCount "67"]
[EventDate "2015.??.??"]

1. d4 d5 2. c4 dxc4 3. e4 e5 4. Nf3 exd4 5. Bxc4 Nc6 6. O-O Bc5 7. Qb3 Qd7 8.
Bd2 Bb6 9. a4 a5 10. Na3 Nh6 11. Bd5 O-O 12. Nc4 Ba7 13. Bxh6 gxh6 14. Rad1 Re8
15. h3 Re7 16. Qa3 Qe8 17. Bxc6 bxc6 18. Nxd4 Rxe4 19. Qg3+ Kf8 20. Qc3 f6 21.
Ne3 Bxd4 22. Rxd4 Rxd4 23. Qxd4 Qe7 24. Rc1 Bd7 25. Qf4 Rb8 26. Qxh6+ Kg8 27.
Qf4 Qd6 28. Qc4+ Be6 29. Qc3 Kf7 30. Rd1 Qf4 31. Rd4 Qg5 32. h4 Qe5 33. f4 Qh5
34. f5
1-0

[Event "TV2 Chess International"]
[Site "Fagernes"]
[Date "2015.12.27"]
[Round "4"]
[White "Vovk, Andrey"]
[Black "Vovk, Yuri"]
[Result "1/2-1/2"]
[WhiteElo "2617"]
[BlackElo "2626"]
[PlyCount "21"]
[EventDate "2015.??.??"]

1. e4 e6 2. d4 d5 3. exd5 exd5 4. Bf4 Bd6 5. Bxd6 Qxd6 6. c3 Bf5 7. Bd3 Bxd3 8.
Qxd3 Ne7 9. Ne2 Nd7 10. Nd2 O-O 11. O-O
1/2-1/2

[Event "TV2 Chess International"]
[Site "Fagernes"]
[Date "2015.12.27"]
[Round "4"]
[White "Pavlovic, Milos"]
[Black "Prohaszka, Peter"]
[Result "1/2-1/2"]
[WhiteElo "2496"]
[BlackElo "2607"]
[PlyCount "38"]
[EventDate "2015.??.??"]

1. e4 c6 2. d3 d5 3. Qe2 g6 4. f4 Bg7 5. Nd2 a5 6. Ndf3 a4 7. a3 Na6 8. e5 Nh6
9. h3 Nf5 10. Qf2 h5 11. Ne2 h4 12. Bd2 c5 13. d4 cxd4 14. Nfxd4 Qb6 15. O-O-O
O-O 16. Qg1 Qc7 17. g4 Nxd4 18. Nxd4 Nc5 19. Bb4 Nb3+
1/2-1/2

[Event "TV2 Chess International"]
[Site "Fagernes"]
[Date "2015.12.27"]
[Round "4"]
[White "Mihajlov, Sebastian"]
[Black "Antal, Gergely"]
[Result "1/2-1/2"]
[WhiteElo "2335"]
[BlackElo "2565"]
[PlyCount "94"]
[EventDate "2015.??.??"]

1. d4 d5 2. Nf3 Nf6 3. g3 g6 4. Bg2 Bg7 5. O-O O-O 6. c4 c6 7. cxd5 cxd5 8. Nc3
e6 9. Ne5 Nfd7 10. Nxd7 Bxd7 11. e4 dxe4 12. Nxe4 Bc6 13. Be3 h6 14. Rc1 Kh7
15. b3 Nd7 16. h4 Nb6 17. Qd3 Nd5 18. h5 Ne7 19. hxg6+ fxg6 20. Qc4 Nf5 21. Nc5
Nxe3 22. fxe3 Qg5 23. Bxc6 bxc6 24. Kg2 Qxe3 25. Nxe6 Qe4+ 26. Kh2 Rf5 27. Nxg7
Kxg7 28. Rxf5 gxf5 29. Qxc6 Re8 30. Qxe4 Rxe4 31. Rc7+ Kf6 32. Rxa7 Rxd4 33.
Kg2 h5 34. Ra4 Rd2+ 35. Kh3 Kg5 36. Ra8 Rd4 37. Rg8+ Kf6 38. Rc8 Kg5 39. Rc4
Rd3 40. Rb4 Re3 41. a4 h4 42. Rxh4 Rxb3 43. Rc4 Ra3 44. Kg2 Ra2+ 45. Kf3 Ra3+
46. Kf2 Ra2+ 47. Kf3 Ra3+
1/2-1/2

[Event "TV2 Chess International"]
[Site "Fagernes"]
[Date "2015.12.27"]
[Round "4"]
[White "Urkedal, Frode Olav Olsen"]
[Black "Kaasen, Tor Fredrik"]
[Result "1-0"]
[WhiteElo "2507"]
[BlackElo "2168"]
[PlyCount "63"]
[EventDate "2015.??.??"]

1. d4 Nf6 2. c4 g6 3. Nc3 Bg7 4. e4 d6 5. Nf3 O-O 6. h3 e5 7. d5 Nh5 8. g3 Qe8
9. Be2 f5 10. exf5 gxf5 11. Nh4 Nf6 12. Rg1 Na6 13. g4 fxg4 14. hxg4 Nc5 15.
Be3 e4 16. Qd2 Nd3+ 17. Bxd3 exd3 18. Nf5 Bxf5 19. gxf5 Ne4 20. Qxd3 Nxc3 21.
Qxc3 Qe7 22. O-O-O Rxf5 23. Bd4 Rg5 24. f4 Rg6 25. f5 Bh6+ 26. Kb1 Qe4+ 27. Qc2
Qxc2+ 28. Kxc2 Rxg1 29. Rxg1+ Kf8 30. Rh1 Bg7 31. f6 Bh8 32. Rxh7
1-0

[Event "TV2 Chess International"]
[Site "Fagernes"]
[Date "2015.12.27"]
[Round "4"]
[White "Turner, Matthew J"]
[Black "Getz, Nicolai"]
[Result "1-0"]
[WhiteElo "2493"]
[BlackElo "2410"]
[PlyCount "89"]
[EventDate "2015.??.??"]

1. Nf3 Nf6 2. g3 b6 3. Bg2 Bb7 4. d4 c5 5. O-O cxd4 6. Qxd4 Nc6 7. Qf4 d5 8. c4
e6 9. cxd5 Nxd5 10. Qa4 a6 11. Nc3 b5 12. Qc2 Nxc3 13. Qxc3 Rc8 14. Bg5 f6 15.
Rfd1 Qe7 16. Bd2 Ne5 17. Qd4 Rd8 18. Qh4 Nxf3+ 19. Bxf3 Bxf3 20. exf3 Qb7 21.
Kg2 Be7 22. Bc3 O-O 23. Qg4 Qc6 24. Rac1 Qc4 25. Qxc4 bxc4 26. Re1 Kf7 27. f4
Rd5 28. Re4 Rc8 29. Be1 Rb5 30. Rc2 Bb4 31. Bxb4 Rxb4 32. a3 Ra4 33. h3 h5 34.
Rce2 Rc6 35. Rd4 Ra5 36. Rd7+ Kg6 37. Re7 c3 38. bxc3 Rxa3 39. Rd2 Rcxc3 40.
Rdd7 Kf5 41. Rxg7 Rc2 42. Rd4 e5 43. g4+ hxg4 44. hxg4+ Ke6 45. f5#
1-0

[Event "TV2 Chess International"]
[Site "Fagernes"]
[Date "2015.12.27"]
[Round "4"]
[White "Nordquelle, Daniel"]
[Black "Hansen, Torbjørn R."]
[Result "0-1"]
[WhiteElo "2115"]
[BlackElo "2472"]
[PlyCount "86"]
[EventDate "2015.??.??"]

1. e4 c6 2. d4 d5 3. e5 Bf5 4. h4 c5 5. dxc5 Nc6 6. Bb5 h6 7. Be3 e6 8. Nf3
Nge7 9. O-O a6 10. Ba4 Bg4 11. c3 Qc7 12. Nbd2 Nf5 13. Bd4 Nxh4 14. b4 Be7 15.
Bxc6+ bxc6 16. Qe2 O-O 17. Qd3 Nxf3+ 18. Nxf3 a5 19. Nd2 Bf5 20. Qe2 Rfb8 21.
a3 Qc8 22. Be3 Qc7 23. f4 Ra7 24. Nb3 axb4 25. axb4 Rba8 26. Qb2 Qb7 27. Nd4
Be4 28. Nb3 Qb5 29. Nd4 Qd3 30. Bf2 Rxa1 31. Rxa1 Rxa1+ 32. Qxa1 Qd2 33. Nxc6
Bh4 34. Ne7+ Kh7 35. Qf1 Bxe7 36. Bd4 Bd3 37. Qa1 Bb5 38. Qa5 Qc1+ 39. Kh2
Qxf4+ 40. Kg1 Qf1+ 41. Kh2 Bg5 42. Qb6 Bd3 43. c6 Be4
0-1

[Event "TV2 Chess International"]
[Site "Fagernes"]
[Date "2015.12.27"]
[Round "4"]
[White "Merkesvik, Sondre"]
[Black "Ranaldi, Lucas"]
[Result "1-0"]
[WhiteElo "2190"]
[BlackElo "2140"]
[PlyCount "129"]
[EventDate "2015.??.??"]

1. d4 Nf6 2. c4 e6 3. Nf3 b6 4. g3 Ba6 5. Qa4 Bb7 6. Bg2 c5 7. dxc5 Bxc5 8. O-O
O-O 9. b4 Be7 10. Bb2 a5 11. bxa5 Rxa5 12. Qc2 Be4 13. Qc1 Qc7 14. Nbd2 Bb7 15.
Bc3 Ra8 16. Qb2 d6 17. e4 e5 18. Ne1 Nfd7 19. Nd3 Na6 20. Rfb1 Rfb8 21. Qc2
Ndc5 22. Nxc5 Nxc5 23. Bb4 Ra6 24. Nf1 Rba8 25. Ne3 Ne6 26. Qb2 Nd4 27. Bc3 Qc5
28. h4 g6 29. Bb4 Qc7 30. Bc3 Qc5 31. Rc1 Bf6 32. Bb4 Qc7 33. a3 Rc8 34. Kh2
Qd8 35. Kg1 Ra7 36. Rab1 Qc7 37. Bc3 Ra6 38. Bxd4 exd4 39. Nd5 Bxd5 40. cxd5
Qb7 41. Bf1 Rxc1 42. Rxc1 b5 43. Bxb5 Ra5 44. Rb1 Kg7 45. a4 Be5 46. Kg2 f5 47.
Qb4 Ra7 48. Qe1 f4 49. a5 Qe7 50. a6 g5 51. Bc6 fxg3 52. Rb7 Rxb7 53. axb7 Qf8
54. fxg3 gxh4 55. Qe2 hxg3 56. Qg4+ Kh6 57. Qf5 Qd8 58. Qe6+ Kg5 59. Kh3 g2 60.
Qg4+ Kh6 61. Kxg2 Qb6 62. Qe6+ Kg7 63. Qe7+ Kh6 64. Qf8+ Kg5 65. b8=Q
1-0

[Event "TV2 Chess International"]
[Site "Fagernes"]
[Date "2015.12.27"]
[Round "4"]
[White "Gutsko, Anastasia"]
[Black "Machlik, Edit"]
[Result "1/2-1/2"]
[WhiteElo "2177"]
[BlackElo "2034"]
[PlyCount "87"]
[EventDate "2015.??.??"]

1. e4 c6 2. d4 d5 3. Nc3 dxe4 4. Nxe4 Bf5 5. Ng3 Bg6 6. h4 h6 7. Nf3 Nd7 8. h5
Bh7 9. Bd3 Bxd3 10. Qxd3 e6 11. Bd2 Qc7 12. Ne4 Ngf6 13. c4 O-O-O 14. O-O-O Nc5
15. Nxc5 Bxc5 16. Rh4 Qe7 17. Ba5 Bb6 18. Bxb6 axb6 19. Qe2 Rhe8 20. Rh3 Rg8
21. Ne5 Nd7 22. Re3 Nxe5 23. Rxe5 Rd7 24. a3 Rgd8 25. Qe3 Qf6 26. f4 c5 27. d5
exd5 28. Rexd5 Rxd5 29. cxd5 Rd6 30. g4 Kd8 31. Kc2 g6 32. Qe5 Kd7 33. a4 gxh5
34. gxh5 Qe7 35. Kc3 Rf6 36. Rg1 Qxe5+ 37. fxe5 Rf5 38. Rg7 Ke8 39. e6 Rxh5 40.
Rxf7 Rxd5 41. Rxb7 Rd6 42. Kc4 Rxe6 43. Kb5 Kd8 44. Rh7
1/2-1/2

[Event "TV2 Chess International"]
[Site "Fagernes"]
[Date "2015.12.27"]
[Round "5"]
[White "Vovk, Yuri"]
[Black "Postny, Evgeny"]
[Result "0-1"]
[WhiteElo "2626"]
[BlackElo "2670"]
[PlyCount "112"]
[EventDate "2015.??.??"]

1. e4 e5 2. Nf3 Nc6 3. Bb5 a6 4. Ba4 Nf6 5. O-O Be7 6. Re1 b5 7. Bb3 d6 8. c3
Na5 9. Bc2 c5 10. d4 Qc7 11. Nbd2 O-O 12. Nf1 cxd4 13. cxd4 Bg4 14. Ne3 Bxf3
15. Qxf3 Nc6 16. d5 Nd4 17. Qd1 Bd8 18. a4 bxa4 19. Rxa4 Qb8 20. Nc4 Nd7 21.
Ra3 Qb4 22. Bd3 Nc5 23. Bd2 Qb8 24. Be3 Qb4 25. Bd2 Qb8 26. Bf1 Ncb3 27. Bc3 a5
28. Re3 Ra7 29. Rh3 g6 30. Nd2 a4 31. Bc4 Nc5 32. Ra2 Re8 33. Re3 Ba5 34. Bf1
Bxc3 35. Rxc3 Ndb3 36. f3 Nxd2 37. Qxd2 Rb7 38. Be2 Rb4 39. Rc4 Rxc4 40. Bxc4
Rc8 41. Be2 Qb3 42. Ra3 Qb6 43. Re3 Nb3 44. Qd3 Nc1 45. Qd2 Nxe2+ 46. Qxe2 Rc1+
47. Kf2 Rb1 48. Kg3 Rxb2 49. Qe1 Rc2 50. h4 Qb2 51. Qf1 h5 52. Re1 a3 53. Rd1
a2 54. Re1 Rc3 55. Rd1 Ra3 56. Ra1 Rb3
0-1

[Event "TV2 Chess International"]
[Site "Fagernes"]
[Date "2015.12.27"]
[Round "5"]
[White "Prohaszka, Peter"]
[Black "Vovk, Andrey"]
[Result "1/2-1/2"]
[WhiteElo "2607"]
[BlackElo "2617"]
[PlyCount "28"]
[EventDate "2015.??.??"]

1. d4 Nf6 2. Nf3 g6 3. Bg5 Bg7 4. c3 Ne4 5. Bf4 d5 6. Nbd2 c5 7. e3 cxd4 8.
exd4 Qb6 9. Qb3 Nxd2 10. Nxd2 Qe6+ 11. Be2 O-O 12. Qd1 Qb6 13. Qb3 Qe6 14. Qd1
Qb6
1/2-1/2

[Event "TV2 Chess International"]
[Site "Fagernes"]
[Date "2015.12.27"]
[Round "5"]
[White "Rausis, Igors"]
[Black "Turner, Matthew J"]
[Result "1-0"]
[WhiteElo "2600"]
[BlackElo "2493"]
[PlyCount "133"]
[EventDate "2015.??.??"]

1. e4 c5 2. Nf3 g6 3. d4 cxd4 4. Qxd4 Nf6 5. Nc3 Nc6 6. Qa4 d6 7. e5 dxe5 8.
Nxe5 Bd7 9. Nxd7 Qxd7 10. Be3 Bg7 11. Rd1 Qc8 12. Be2 O-O 13. O-O a6 14. Qf4
Qf5 15. Qxf5 gxf5 16. Na4 e6 17. c4 Rfd8 18. Bb6 Rxd1 19. Rxd1 Kf8 20. Nc5 Ne4
21. Rd7 Bxb2 22. Rxb7 Bd4 23. Nxe4 fxe4 24. Bxd4 Nxd4 25. Bh5 Rc8 26. Rxf7+ Kg8
27. Rd7 Rxc4 28. h3 h6 29. Kh2 Kf8 30. Bd1 a5 31. a3 Ke8 32. Ra7 Rc5 33. Kg3
Rc3+ 34. Kf4 Rxa3 35. Rh7 Kd8 36. Rxh6 Ra2 37. Kxe4 Nb5 38. Ke3 a4 39. Rxe6 a3
40. Ra6 Rb2 41. Bg4 a2 42. Be6 Nc3 43. Kd3 Rxf2 44. Kxc3 Rxg2 45. Kd4 Ke7 46.
Bxa2 Rh2 47. Be6 Kf6 48. Ke3 Rb2 49. Kf4 Rb4+ 50. Kg3 Kg7 51. Bf5 Rd4 52. Ra7+
Kh8 53. Re7 Ra4 54. h4 Rc4 55. h5 Rb4 56. h6 Rb8 57. Kh4 Ra8 58. Kh5 Rb8 59.
Rh7+ Kg8 60. Kg5 Ra8 61. Re7 Kh8 62. Be6 Rf8 63. Kh5 Rf2 64. Re8+ Kh7 65. Bg8+
Kh8 66. Bf7+ Kh7 67. Bg6#
1-0

[Event "TV2 Chess International"]
[Site "Fagernes"]
[Date "2015.12.27"]
[Round "5"]
[White "Antal, Gergely"]
[Black "Pavlovic, Milos"]
[Result "0-1"]
[WhiteElo "2565"]
[BlackElo "2496"]
[PlyCount "74"]
[EventDate "2015.??.??"]

1. e4 c5 2. Nf3 e6 3. d4 cxd4 4. Nxd4 Nc6 5. Nb5 d6 6. c4 Nf6 7. N1c3 a6 8. Na3
Be7 9. Be2 O-O 10. O-O b6 11. Be3 Re8 12. Rc1 Rb8 13. Qd2 Bb7 14. Rfd1 Ne5 15.
f3 h5 16. Qe1 Ned7 17. Nc2 Rc8 18. Qf2 Qc7 19. Kh1 Ba8 20. Nd4 Qb8 21. b3 Rc7
22. a4 Rcc8 23. Bf1 Bd8 24. b4 Ne5 25. Qa2 h4 26. Nce2 d5 27. cxd5 exd5 28.
Rxc8 Qxc8 29. Nf5 dxe4 30. Nd6 Qd7 31. f4 Neg4 32. Qd2 Rf8 33. Bg1 h3 34. Qe1
e3 35. Ng3 Qc6 36. Qe2 Nf2+ 37. Bxf2 hxg2+
0-1

[Event "TV2 Chess International"]
[Site "Fagernes"]
[Date "2015.12.27"]
[Round "5"]
[White "Urkedal, Frode Olav Olsen"]
[Black "Mihajlov, Sebastian"]
[Result "1-0"]
[WhiteElo "2507"]
[BlackElo "2335"]
[PlyCount "115"]
[EventDate "2015.??.??"]

1. d4 d5 2. c4 c6 3. Nc3 Nf6 4. Nf3 dxc4 5. a4 Bf5 6. e3 e6 7. Bxc4 Bb4 8. O-O
Nbd7 9. Nh4 Bg6 10. Be2 a5 11. Nxg6 hxg6 12. Qc2 Qc7 13. g3 e5 14. Rd1 exd4 15.
exd4 Nb6 16. Bg5 O-O 17. Bf3 Rad8 18. Rac1 Be7 19. Bf4 Qd7 20. Qb3 Bb4 21. h4
Nbd5 22. Bg5 Rc8 23. Kg2 Rfe8 24. Re1 Nc7 25. Rxe8+ Rxe8 26. Na2 Ne6 27. Bxf6
gxf6 28. Nxb4 Nxd4 29. Rd1 Nxb3 30. Rxd7 Nc5 31. Rd4 axb4 32. Rxb4 Nd3 33. Rb3
Ne1+ 34. Kf1 Nxf3 35. Rxf3 Re4 36. b3 f5 37. Rd3 c5 38. Rc3 b6 39. f3 Rb4 40.
Ke2 Rd4 41. Rc4 Rd6 42. Ke3 Kg7 43. b4 cxb4 44. Rxb4 Kf6 45. g4 fxg4 46. fxg4
Kg7 47. Ke4 f6 48. Rd4 Rc6 49. Kd5 Rc1 50. Rb4 Rh1 51. g5 fxg5 52. hxg5 Rg1 53.
Kc6 Rxg5 54. Kxb6 Rg1 55. a5 Ra1 56. a6 g5 57. a7 Kf6 58. Rb5
1-0

[Event "TV2 Chess International"]
[Site "Fagernes"]
[Date "2015.12.27"]
[Round "5"]
[White "Hansen, Torbjørn R."]
[Black "Merkesvik, Sondre"]
[Result "1-0"]
[WhiteElo "2472"]
[BlackElo "2190"]
[PlyCount "39"]
[EventDate "2015.??.??"]

1. c4 Nf6 2. Nc3 d5 3. cxd5 Nxd5 4. Nf3 g6 5. h4 Bg7 6. h5 Nxc3 7. bxc3 c5 8.
g3 Nc6 9. Bg2 Qa5 10. Qb3 Qa6 11. Rb1 O-O 12. Ng5 Rb8 13. Qa3 Na5 14. hxg6 fxg6
15. Qxc5 h6 16. Qxe7 Qc4 17. Rb4 Qxa2 18. Rxh6 Nc6 19. Bxc6 bxc6 20. Rxg6
1-0

[Event "TV2 Chess International"]
[Site "Fagernes"]
[Date "2015.12.27"]
[Round "5"]
[White "Getz, Nicolai"]
[Black "Gutsko, Anastasia"]
[Result "1-0"]
[WhiteElo "2410"]
[BlackElo "2177"]
[PlyCount "143"]
[EventDate "2015.??.??"]

1. d4 Nf6 2. c4 e6 3. Nf3 b6 4. g3 Bb7 5. Bg2 Be7 6. O-O O-O 7. Re1 Na6 8. Nc3
Ne4 9. Bf4 Nxc3 10. bxc3 Be4 11. Bf1 Bxf3 12. exf3 Bg5 13. Bxg5 Qxg5 14. Qa4
Nb8 15. f4 Qd8 16. Bg2 c6 17. Rab1 Qc7 18. c5 bxc5 19. dxc5 a5 20. Qd4 Na6 21.
Bf1 Qc8 22. Rb6 Nc7 23. c4 Ne8 24. Reb1 Nf6 25. Rb7 Qd8 26. h3 Qe7 27. g4 h6
28. Bg2 Rfd8 29. Qe3 Qf8 30. g5 Ne8 31. Rd1 d5 32. g6 fxg6 33. Qxe6+ Kh7 34.
cxd5 Qxc5 35. Be4 Rd6 36. Bxg6+ Kh8 37. Qg4 Nf6 38. Qg3 cxd5 39. Rdb1 Rdd8 40.
Bf5 Qf8 41. Qg6 Rab8 42. Kh2 Rxb7 43. Rxb7 Rd6 44. Rf7 Qg8 45. Ra7 a4 46. Rxa4
Qb8 47. Ra3 Rb6 48. Qg3 Nh5 49. Qe3 Rf6 50. Qe5 Qf8 51. Rb3 Rxf5 52. Rb8 Nxf4
53. Rxf8+ Rxf8 54. a4 Ng6 55. Qxd5 Rxf2+ 56. Kg3 Rf1 57. a5 Rg1+ 58. Kf2 Ra1
59. Qa8+ Kh7 60. a6 Ra2+ 61. Ke1 Nf4 62. a7 Ra1+ 63. Kd2 Nxh3 64. Qe4+ Kh8 65.
a8=Q+ Rxa8 66. Qxa8+ Kh7 67. Qe4+ Kh8 68. Ke3 Ng5 69. Qg6 Kg8 70. Kf4 Kf8 71.
Kg4 Kg8 72. Kh5
1-0

[Event "TV2 Chess International"]
[Site "Fagernes"]
[Date "2015.12.27"]
[Round "5"]
[White "Kaasen, Tor Fredrik"]
[Black "Ranaldi, Lucas"]
[Result "0-1"]
[WhiteElo "2168"]
[BlackElo "2140"]
[PlyCount "108"]
[EventDate "2015.??.??"]

1. e4 c5 2. Nf3 d6 3. d4 cxd4 4. Nxd4 Nf6 5. Nc3 a6 6. Bg5 Nbd7 7. f4 Qc7 8.
Qf3 h6 9. Bh4 e6 10. O-O-O Be7 11. g4 b5 12. Bxf6 gxf6 13. h4 Bb7 14. g5 hxg5
15. hxg5 Rxh1 16. Qxh1 fxg5 17. Qh5 Nf8 18. Ncxb5 Qb6 19. Nc3 Bf6 20. Nce2 gxf4
21. Bg2 Rc8 22. Rd3 Rc5 23. Qg4 Qc7 24. c3 Bc8 25. Kb1 Ng6 26. Rd2 Rg5 27. Qh3
Ke7 28. Bf1 Bd7 29. Qh2 Rc5 30. Rd1 e5 31. Nf5+ Bxf5 32. exf5 Nh4 33. Qh3 Qc6
34. Nc1 Qf3 35. Qxf3 Nxf3 36. Bxa6 e4 37. Bb7 Ng5 38. Bd5 e3 39. c4 f3 40. b4
Rxd5 41. cxd5 Ne4 42. Kc2 e2 43. Nxe2 fxe2 44. Re1 Nc3 45. Rh1 Bh4 46. Kxc3
e1=Q+ 47. Rxe1+ Bxe1+ 48. Kc4 Kf6 49. Kb5 Kxf5 50. a3 Ke5 51. Ka6 f5 52. b5 Bf2
53. a4 f4 54. a5 f3
0-1

[Event "TV2 Chess International"]
[Site "Fagernes"]
[Date "2015.12.27"]
[Round "5"]
[White "Machlik, Edit"]
[Black "Nordquelle, Daniel"]
[Result "1-0"]
[WhiteElo "2034"]
[BlackElo "2115"]
[PlyCount "69"]
[EventDate "2015.??.??"]

1. d4 Nf6 2. c4 c5 3. d5 e6 4. Nc3 exd5 5. cxd5 d6 6. e4 g6 7. f4 Bg7 8. Bb5+
Nfd7 9. a4 O-O 10. Nf3 Na6 11. O-O Nb4 12. Re1 a6 13. Bf1 Re8 14. h3 Nf6 15.
Bd2 Rb8 16. Bc4 Nd7 17. Be3 f5 18. e5 Nb6 19. b3 Qc7 20. Bf2 g5 21. Nxg5 Nxc4
22. bxc4 dxe5 23. fxe5 Rxe5 24. Qh5 h6 25. Nf3 Nd3 26. Nxe5 Bxe5 27. Qe8+ Kh7
28. Rxe5 Nxe5 29. Bg3 Nf3+ 30. Kf2 f4 31. Qe4+ Kh8 32. Bxf4 Qg7 33. Qxf3 Qd4+
34. Qe3 Qf6 35. Qe5
1-0

[Event "TV2 Chess International"]
[Site "Fagernes"]
[Date "2015.12.27"]
[Round "6"]
[White "Postny, Evgeny"]
[Black "Pavlovic, Milos"]
[Result "1-0"]
[WhiteElo "2670"]
[BlackElo "2496"]
[PlyCount "78"]
[EventDate "2015.??.??"]

1. d4 Nf6 2. c4 g6 3. Nc3 Bg7 4. e4 d6 5. Nf3 O-O 6. h3 e5 7. d5 Nh5 8. g3 Nd7
9. Nh2 Kh8 10. Be2 Nhf6 11. h4 Nc5 12. Bf3 c6 13. a3 cxd5 14. cxd5 a5 15. Be3
Bd7 16. Rb1 a4 17. h5 h6 18. hxg6 fxg6 19. Nf1 Nb3 20. Be2 Rc8 21. g4 Nh7 22.
Nd2 Nd4 23. Rh3 Ng5 24. Rg3 b5 25. Kf1 Rf4 26. Kg1 Qf6 27. Qf1 b4 28. axb4 a3
29. Nc4 axb2 30. Rxb2 Nxe2+ 31. Qxe2 Nf3+ 32. Rxf3 Rxf3 33. g5 hxg5 34. Nb1 g4
35. Nbd2 Rh3 36. Nf1 Bb5 37. Qxg4 Rxc4 38. Qxh3+ Kg8 39. Qg4 Rc3
1-0

[Event "TV2 Chess International"]
[Site "Fagernes"]
[Date "2015.12.27"]
[Round "6"]
[White "Vovk, Yuri"]
[Black "Rausis, Igors"]
[Result "1/2-1/2"]
[WhiteElo "2626"]
[BlackElo "2600"]
[PlyCount "145"]
[EventDate "2015.??.??"]

1. e4 c6 2. d4 d5 3. e5 c5 4. dxc5 e6 5. a3 Nc6 6. Nf3 Bxc5 7. Bd3 f6 8. b4 Bb6
9. O-O Nxe5 10. Nxe5 fxe5 11. Bb2 Nf6 12. Bxe5 O-O 13. Nd2 a5 14. Rb1 axb4 15.
axb4 Bc7 16. Qe2 Bd7 17. Nf3 Ra4 18. h3 Bxe5 19. Nxe5 Be8 20. Rfe1 Nh5 21. Qe3
Nf4 22. Bf1 Ra2 23. Qb3 Qa8 24. g3 Ra3 25. Qb2 Ra2 26. Qd4 Ng6 27. Nxg6 Bxg6
28. Rxe6 Rxc2 29. Re7 Rf6 30. Qxd5+ Kh8 31. Rd1 Rfxf2 32. Qd8+ Rf8 33. Qxa8
Rxa8 34. Rxb7 Rb2 35. Rbd7 h5 36. Rd8+ Rxd8 37. Rxd8+ Kh7 38. b5 Be4 39. Rd4
Bf5 40. h4 g6 41. Rd6 Kg7 42. Bc4 Kf8 43. Kf1 Ke7 44. Rc6 Bd7 45. Rb6 Bf5 46.
Be2 Kd7 47. Ke1 Ke7 48. Rc6 Kd7 49. Ra6 Ke7 50. Bc4 Rb4 51. Rc6 Rb2 52. b6 Kd7
53. Rf6 Ke7 54. Rf7+ Kd6 55. b7 Be4 56. Ba6 Ke5 57. Rd7 Bc6 58. Rc7 Be4 59. Rd7
Bc6 60. Re7+ Kd4 61. Re2 Rb1+ 62. Kf2 Bxb7 63. Bxb7 Rxb7 64. Re6 Rg7 65. g4 Kd5
66. Rf6 hxg4 67. Kg3 Ke5 68. Rf8 Ra7 69. Kxg4 Ra1 70. Kg5 Rg1+ 71. Kh6 Rg4 72.
h5 gxh5 73. Kxh5
1/2-1/2

[Event "TV2 Chess International"]
[Site "Fagernes"]
[Date "2015.12.27"]
[Round "6"]
[White "Vovk, Andrey"]
[Black "Hansen, Torbjørn R."]
[Result "1-0"]
[WhiteElo "2617"]
[BlackElo "2472"]
[PlyCount "91"]
[EventDate "2015.??.??"]

1. e4 e5 2. Nf3 Nc6 3. Bc4 Nf6 4. d3 Bc5 5. O-O d6 6. c3 O-O 7. h3 h6 8. Nbd2
Bb6 9. Bb3 Ne7 10. Nc4 Ng6 11. a4 c6 12. Nxb6 axb6 13. Be3 d5 14. Bc2 Be6 15.
Re1 Re8 16. Qb1 Qc8 17. Kh2 Qc7 18. Ng1 c5 19. b4 c4 20. exd5 Nxd5 21. dxc4 e4+
22. Kh1 Nxe3 23. Rxe3 f5 24. Ne2 Bxc4 25. Nd4 Qf7 26. f3 Ne5 27. Qg1 Kh8 28.
fxe4 f4 29. Ree1 Rf8 30. Qf2 Rad8 31. Rad1 Qh5 32. Nf3 Rde8 33. Rd6 Rf6 34.
Rxf6 gxf6 35. Rd1 Rg8 36. Nxe5 fxe5 37. Rd6 Rg3 38. Bd1 Qh4 39. Kg1 Qg5 40. Bg4
h5 41. Bf3 Rxh3 42. Rxb6 Rg3 43. Rxb7 h4 44. Qc5 Rxg2+ 45. Bxg2 h3 46. Qc8+
1-0

[Event "TV2 Chess International"]
[Site "Fagernes"]
[Date "2015.12.27"]
[Round "6"]
[White "Prohaszka, Peter"]
[Black "Urkedal, Frode Olav Olsen"]
[Result "1-0"]
[WhiteElo "2607"]
[BlackElo "2507"]
[PlyCount "87"]
[EventDate "2015.??.??"]

1. d4 Nf6 2. c4 e6 3. g3 d5 4. Bg2 Be7 5. Nf3 O-O 6. O-O c6 7. Qc2 b6 8. Nbd2
Bb7 9. e4 Na6 10. a3 c5 11. e5 Nd7 12. dxc5 bxc5 13. Re1 Nc7 14. Nf1 Rb8 15. h4
dxc4 16. Ng5 Bxg5 17. Bxg5 Qc8 18. Qxc4 Bxg2 19. Kxg2 Rxb2 20. Rad1 Nd5 21. Qg4
Qc6 22. Kg1 Kh8 23. Nd2 Nc3 24. Rc1 Nb5 25. a4 Nc7 26. Rc4 Rfb8 27. Nf3 Rb1 28.
Bc1 R8b4 29. Ng5 Nxe5 30. Rxe5 Rxc1+ 31. Rxc1 Rxg4 32. Rexc5 Qb6 33. Rxc7 Rxg3+
34. Kh1 Rh3+ 35. Nxh3 h6 36. Rxf7 Qb3 37. Kh2 Qxa4 38. Rc8+ Kh7 39. Rcc7 Qd4
40. Rxa7 Qe5+ 41. Kg1 Qe1+ 42. Kh2 Qe5+ 43. Nf4 Kh8 44. h5
1-0

[Event "TV2 Chess International"]
[Site "Fagernes"]
[Date "2015.12.27"]
[Round "6"]
[White "Turner, Matthew J"]
[Black "Antal, Gergely"]
[Result "1/2-1/2"]
[WhiteElo "2493"]
[BlackElo "2565"]
[PlyCount "73"]
[EventDate "2015.??.??"]

1. e4 c6 2. d4 d5 3. e5 Bf5 4. Nf3 e6 5. c4 Ne7 6. Nc3 Nd7 7. Be3 Bg6 8. Rc1
dxc4 9. Bxc4 Nd5 10. O-O Be7 11. Nxd5 cxd5 12. Be2 O-O 13. Qb3 Nb6 14. Nd2 Rc8
15. a4 Rxc1 16. Rxc1 Qb8 17. a5 Nd7 18. Qc3 f5 19. Nb3 Rd8 20. Qc7 Be8 21. g4
g6 22. Kg2 a6 23. gxf5 gxf5 24. Bf3 Qxc7 25. Rxc7 Rb8 26. Bh5 Bxh5 27. Rxd7 Bf8
28. Nc5 Bxc5 29. dxc5 Be8 30. Rc7 d4 31. Bxd4 Rd8 32. Be3 Bc6+ 33. Kg3 Rd7 34.
Rc8+ Kg7 35. h4 Rd1 36. Rc7+ Rd7 37. Rxd7+
1/2-1/2